[Event "46th GRE-chT Premier 2018"]
[Site "Rio Achaia"]
[Date "2018.07.11"]
[Round "3"]
[White "Papadopoulos, Georgios"]
[Black "Morozov, Nichita"]
[Result "1/2-1/2"]
[WhiteElo "2352"]
[BlackElo "2429"]
[Annotator "TA"]
[PlyCount "120"]
[EventDate "2018.07.10"]
[EventType "team-tourn"]
[EventCountry "GRE"]
[SourceTitle "playchess.com"]
[Source "ChessBase"]
[SourceQuality "1"]

{[%evp 9,120,10,28,10,10,16,15,0,13,16,19,-8,11,17,25,0,0,-8,4,0,0,0,0,0,0,0,17,9,41,42,40,30,30,34,47,0,0,0,0,0,0,7,1,-46,-11,-18,0,-3,9,14,7,0,0,0,0,0,0,0,82,66,87,99,91,91,102,69,69,44,47,55,42,50,121,25,19,14,73,0,0,0,2,0,0,0,0,0,0,0,0,0,0,0,0,0,0,0,0,0,0,0,0,0,0,0,0,0,0,0,0,0,0,0,0]} 1. d4 Nf6 2. Bf4 c5 3. e3 Qb6 4. Nc3 cxd4 (4... a6 5. a3 d6 6. Be2 Bf5 7. Rb1 h6 8. h3 g5 9. Bh2 cxd4 10. exd4 Bg7 11. Nf3 Nbd7 {½-½ (36) Agrest,E (2584)-Jones,G (2640) chess.com INT 2018}) 5. exd4 d6 {LiveBook: 4 Games} 6. Bb5+ {A45: Trompowsky Attack} Bd7 7. a4 {[%cal Ba2a4,Ba4a5][%mdl 32]} a6 8. a5 Qc7 9. Bxd7+ Nbxd7 10. Nge2 $146 ({Predecessor:} 10. Qe2 e6 11. Nf3 Be7 {1-0 (53) Barva,A (2378)-Okhotnik,V (2411) Hungary 2013}) 10... e5 11. Bg5 h6 12. Bh4 g6 13. O-O Bg7 14. dxe5 dxe5 15. Nd5 Nxd5 16. Qxd5 O-O 17. Nc3 Nc5 (17... g5 $5 18. Bg3 $8 Rad8 $11) 18. Qc4 {[#] Black must now prevent Nd5.} g5 19. Nd5 Qd6 20. Bg3 Rac8 21. Rad1 {Threatens to win with Nb6.} Qe6 22. Nb6 Qxc4 23. Nxc4 Ne6 24. b3 Rfd8 25. Rxd8+ Rxd8 26. Rc1 Rd5 27. f3 f5 28. Bf2 e4 29. fxe4 fxe4 30. Kf1 Bc3 31. Bb6 Rf5+ 32. Kg1 Nf4 33. Rd1 Ne2+ (33... Rd5 $11 34. Ne3 Rxd1+ 35. Nxd1 Bb4) 34. Kh1 $14 Rf7 35. g3 Kh7 36. Kg2 g4 37. Rf1 Rd7 38. Kf2 Nd4 39. Bxd4 Bxd4+ {[%mdl 4096] Endgame KRB-KRN} 40. Ke2 Re7 (40... Bc3 $14) 41. Rf4 (41. Ne3 $16 {And now Nf5 would win.} Rc7 42. c4 (42. Nxg4 Rxc2+ 43. Kd1 Rc3 $11)) 41... h5 $11 42. Nd2 Bc3 {[#]} (42... Bg1 $11 {keeps the balance.}) 43. Rxe4 ({White should play} 43. Rf5 $1 $16) 43... Rxe4+ {The position is equal.} 44. Nxe4 $16 {KB-KN} Bb4 45. c3 Bxa5 46. b4 Bb6 47. Nd6 a5 48. bxa5 Bxa5 49. Kd3 Bc7 50. Nxb7 h4 51. gxh4 Bxh2 {aiming for ...g3.} 52. Ke3 Kg6 53. Kf2 Kh5 54. Kg2 Be5 55. c4 {[%cal Bc3c4,Bc4c5][%mdl 32]} Kxh4 56. c5 Kg5 57. Nd6 Bxd6 58. cxd6 {White threatens d7 and mate.} Kf6 59. Kg3 Ke6 60. Kxg4 Kxd6 {Precision: White = 61%, Black = 64%.} 1/2-1/2

[Event "46th GRE-chT Premier 2018"]
[Site "Rio Achaia"]
[Date "2018.07.11"]
[Round "3"]
[White "Mitsis, Georgios"]
[Black "Yilmaz, Mustafa"]
[Result "0-1"]
[WhiteElo "2350"]
[BlackElo "2624"]
[Annotator "TA"]
[PlyCount "68"]
[EventDate "2018.07.10"]
[EventType "team-tourn"]
[EventCountry "GRE"]
[SourceTitle "playchess.com"]
[Source "ChessBase"]
[SourceQuality "1"]

{[%evp 24,68,42,37,45,41,36,-27,-19,-27,-20,-90,-91,-92,-83,-96,-93,-98,-135,-99,-91,-145,-144,-199,-109,-100,-107,-95,-33,-127,-123,-179,-163,-144,-151,-208,-204,-334,-337,-536,-506,-585,-579,-543,-538,-606,-603]} 1. d4 Nf6 2. Nf3 e6 3. c4 c5 4. d5 d6 5. Nc3 exd5 6. cxd5 g6 7. Nd2 Nbd7 8. e4 Bg7 9. Be2 O-O 10. O-O Re8 11. a4 a6 12. Ra3 Ne5 {A77: Benoni (Hauptsystem)} 13. Re1 {LiveBook: 6 Partien} Bg4 14. f3 $1 {[%cal Rf3g4]} Bd7 {[#] Weiß steht etwas besser.} 15. Qc2 $146 (15. Nf1 $14) ({Vorgänger:} 15. Nf1 c4 16. a5 b5 17. axb6 Qxb6+ 18. Kh1 Nh5 19. g4 Nf6 {½-½ (46) Brunello,S (2568)-Yilmaz,M (2616) Baku 2016}) 15... Nh5 {Droht ...Dh4 und aus.} 16. Nf1 f5 {[%cal Bf7f5,Bf5g4][%mdl 32]} 17. f4 (17. Be3 $1 $11) 17... Ng4 $17 18. Bxg4 fxg4 19. g3 b5 $1 {[%cal Rb5b4] Droht stark ...b4.} 20. axb5 axb5 21. Rxa8 Qxa8 22. Nd1 (22. Be3 $142) 22... Nf6 $1 23. Nf2 {[#]} (23. Re3 $17) 23... Nxd5 (23... Bf5 $1 $19 {[%mdl 512] zielt auf ...Sxe4! ab.} 24. Nd2 (24. exf5 Rxe1) 24... Bd7) 24. Qd1 Nb4 $36 {[%mdl 2048] Läuft bei Schwarz.} 25. Qxd6 Qc6 ({Besser ist} 25... Nc2 $17 26. Rd1 Bc6) 26. Qxc6 ({Günstiger ist} 26. Rd1 $15 Bd4 27. Qxc6 Bxf2+ 28. Kxf2 Bxc6 29. Ne3) 26... Bxc6 ({Finger weg von} 26... Nxc6 27. Rd1 $15) 27. Re2 (27. Ne3 $17) 27... c4 28. Be3 h5 29. e5 (29. Bb6 $17) 29... Bf8 30. Nd2 (30. h3 {ist eine bessere Verteidigung.} gxh3 31. Nd2) 30... Ra8 $19 31. Nf1 (31. h3 {war einen Versuch wert.} gxh3 32. Nde4) 31... Bf3 {Schwarz steht klar auf Gewinn.} 32. Rd2 Nd5 33. Bd4 Ra1 34. Rc2 Re1 {Precision: Weiß = 37%, Schwarz = 67%.} 0-1

[Event "46th GRE-chT Premier 2018"]
[Site "Rio Achaia"]
[Date "2018.07.11"]
[Round "3"]
[White "Papakonstantinou, Dimitrios"]
[Black "Dimopoulos, Symeon"]
[Result "1/2-1/2"]
[WhiteElo "2336"]
[BlackElo "2020"]
[Annotator "ChessBase"]
[PlyCount "191"]
[EventDate "2018.07.10"]
[EventType "team-tourn"]
[EventCountry "GRE"]
[SourceTitle "playchess.com"]
[Source "ChessBase"]
[SourceQuality "1"]
[TimeControl "40/5400+30:1800+30"]

1. e4 {[%emt 0:02:34]} e6 {[%emt 0:00:19]} 2. d3 {[%emt 0:01:19]} d5 {[%emt 0:01:10]} 3. Nd2 {[%emt 0:00:05]} g6 {[%emt 0:02:44]} 4. g3 {[%emt 0:03:01]} Bg7 {[%emt 0:00:15]} 5. Bg2 {[%emt 0:00:06]} Ne7 {[%emt 0:00:23]} 6. Ngf3 {[%emt 0:00:37]} c5 {[%emt 0:01:02]} 7. h4 {[%emt 0:02:36]} h6 {[%emt 0:01:45]} 8. O-O {[%emt 0:10:14]} Nbc6 {[%emt 0:01:21]} 9. Re1 {[%emt 0:01:02]} b6 {[%emt 0:11:06]} 10. Qe2 {[%emt 0:04:06]} dxe4 {[%emt 0:17:12]} 11. dxe4 {[%emt 0:05:44]} e5 {[%emt 0:07:22]} 12. c3 {[%emt 0:01:49]} O-O {[%emt 0:04:01]} 13. h5 {[%emt 0:09:22]} g5 {[%emt 0:05:04]} 14. Nh2 {[%emt 0:04:02]} Qc7 {[%emt 0:10:54]} 15. Ng4 {[%emt 0:02:25]} Be6 {[%emt 0:03:30]} 16. Ne3 {[%emt 0:12:42]} Rad8 {[%emt 0:10:15]} 17. Ndf1 {[%emt 0:02:18]} f5 {[%emt 0:06:07]} 18. exf5 {[%emt 0:00:42]} Nxf5 {[%emt 0:00:12]} 19. Nxf5 {[%emt 0:15:42]} Bxf5 {[%emt 0:00:32]} 20. Be3 {[%emt 0:00:14]} Kh8 {[%emt 0:01:34]} 21. Nd2 {[%emt 0:00:55]} Nd4 {[%emt 0:04:08]} 22. cxd4 {[%emt 0:09:06]} exd4 {[%emt 0:00:25]} 23. Bxg5 {[%emt 0:01:27]} hxg5 {[%emt 0:00:12]} 24. Ne4 {[%emt 0:00:38]} Rde8 {[%emt 0:04:22]} 25. Qd2 {[%emt 0:00:43]} Bxe4 {[%emt 0:02:00]} 26. Bxe4 {[%emt 0:00:37]} Bf6 {[%emt 0:01:49]} 27. Bg6 {[%emt 0:01:42]} Rxe1+ {[%emt 0:00:46]} 28. Rxe1 {[%emt 0:00:01]} c4 {[%emt 0:00:39]} 29. Qb4 {[%emt 0:00:17]} Qc5 {[%emt 0:00:42]} 30. Qa4 {[%emt 0:02:42]} d3 {[%emt 0:00:21]} 31. Qd7 {[%emt 0:02:18]} Bg7 {[%emt 0:00:17]} 32. Rf1 {[%emt 0:01:42]} Qd4 {[%emt 0:00:20]} 33. Qxa7 {[%emt 0:00:45]} d2 {[%emt 0:02:16]} 34. h6 {[%emt 0:00:32]} Qxf2+ 35. Rxf2 {[%emt 0:00:23]} d1=Q+ {[%emt 0:00:07]} 36. Kg2 {[%emt 0:00:15]} Rxf2+ {[%emt 0:00:56]} 37. Kxf2 {[%emt 0:00:03]} Bd4+ {[%emt 0:00:05]} 38. Kg2 {[%emt 0:00:03]} Qe2+ {[%emt 0:01:29]} 39. Kh3 {[%emt 0:00:21]} Qe6+ {[%emt 0:00:36]} 40. Kh2 {[%emt 0:00:00]} Qe2+ {[%emt 0:00:00]} 41. Kh3 {[%emt 0:01:14]} Qe6+ {[%emt 0:04:46]} 42. Kh2 {[%emt 0:04:46]} Qxg6 {[%emt 0:02:00]} 43. Qb8+ {[%emt 0:00:06]} Kh7 {[%emt 0:02:07]} 44. Qc7+ {[%emt 0:00:08]} Kxh6 {[%emt 0:00:52]} 45. Qxc4 {[%emt 0:00:06]} Qe4 {[%emt 0:01:19]} 46. b3 {[%emt 0:01:01]} Qe3 {[%emt 0:05:30]} 47. Kh3 {[%emt 0:01:59]} Kg7 {[%emt 0:03:40]} 48. Qc7+ {[%emt 0:01:38]} Kf6 {[%emt 0:00:45]} 49. Qd8+ {[%emt 0:00:05]} Ke5 {[%emt 0:01:12]} 50. Kg4 {[%emt 0:01:58]} Qe4+ {[%emt 0:05:19]} 51. Kxg5 {[%emt 0:01:23]} Be3+ {[%emt 0:02:10]} 52. Kh5 {[%emt 0:00:07]} Qf5+ {[%emt 0:03:11]} 53. Kh4 {[%emt 0:00:00]} Qh7+ {[%emt 0:01:26]} 54. Kg4 {[%emt 0:00:02]} Qg6+ {[%emt 0:01:15]} 55. Kh4 {[%emt 0:01:43]} Ke4 {[%emt 0:01:29]} 56. Qa8+ {[%emt 0:00:47]} Kd3 {[%emt 0:00:45]} 57. Qd5+ {[%emt 0:01:03]} Ke2 {[%emt 0:00:44]} 58. Kh3 {[%emt 0:03:50]} Qd3 {[%emt 0:01:12]} 59. Qe5 {[%emt 0:03:11]} Qd4 {[%emt 0:00:32]} 60. Qf5 {[%emt 0:01:18]} Qd3 {[%emt 0:00:34]} 61. Qe5 {[%emt 0:00:22]} Qh7+ {[%emt 0:00:35]} 62. Kg4 {[%emt 0:01:17]} Qg6+ {[%emt 0:00:08]} 63. Kh3 {[%emt 0:00:18]} Qh7+ {[%emt 0:01:04]} 64. Kg4 {[%emt 0:00:04]} Qg6+ {[%emt 0:00:09]} 65. Kh3 {[%emt 0:00:01]} Qg5 {[%emt 0:00:26]} 66. Qe4 {[%emt 0:04:35]} Kd2 {[%emt 0:00:39]} 67. Kg2 {[%emt 0:00:56]} Kc3 {[%emt 0:00:43]} 68. Kf3 {[%emt 0:02:30]} Bc5 {[%emt 0:00:21]} 69. Qc4+ {[%emt 0:01:28]} Kb2 {[%emt 0:00:28]} 70. Qe2+ {[%emt 0:02:07]} Kb1 {[%emt 0:00:25]} 71. Qe6 {[%emt 0:05:49]} Qe7 {[%emt 0:00:37]} 72. Qd5 {[%emt 0:03:45]} Qd6 {[%emt 0:00:25]} 73. Qc4 {[%emt 0:00:08]} Qc6+ {[%emt 0:00:36]} 74. Kg4 {[%emt 0:00:27]} b5 {[%emt 0:00:18]} 75. Qf7 {[%emt 0:00:22]} Qe4+ {[%emt 0:00:23]} 76. Kh5 {[%emt 0:00:42]} Qe5+ {[%emt 0:00:13]} 77. Kg4 {[%emt 0:00:05]} Ba3 {[%emt 0:00:35]} 78. Qf2 {[%emt 0:00:38]} b4 {[%emt 0:00:41]} 79. Kh4 {[%emt 0:01:03]} Qb2 {[%emt 0:00:44]} 80. Qf1+ {[%emt 0:00:55]} Kxa2 {[%emt 0:00:08]} 81. g4 {[%emt 0:00:01]} Qh8+ {[%emt 0:00:33]} 82. Kg5 {[%emt 0:00:02]} Bb2 {[%emt 0:00:42]} 83. Qa6+ {[%emt 0:00:31]} Kxb3 {[%emt 0:00:49]} 84. Qe6+ {[%emt 0:00:01]} Kc3 {[%emt 0:00:22]} 85. Qe3+ {[%emt 0:00:01]} Kc4 {[%emt 0:00:26]} 86. Qe6+ {[%emt 0:00:09]} Kc5 {[%emt 0:00:29]} 87. Qe7+ {[%emt 0:00:10]} Kb5 {[%emt 0:00:44]} 88. Qd7+ {[%emt 0:00:08]} Kb6 {[%emt 0:00:19]} 89. Qd6+ {[%emt 0:00:16]} Ka5 {[%emt 0:00:24]} 90. Qc5+ {[%emt 0:00:35]} Ka4 {[%emt 0:00:11]} 91. Qc6+ {[%emt 0:00:15]} Ka3 {[%emt 0:00:31]} 92. Qa6+ {[%emt 0:00:06]} Kb3 {[%emt 0:00:13]} 93. Qe6+ {[%emt 0:00:01]} Kc2 {[%emt 0:00:15]} 94. Qe4+ {[%emt 0:00:02]} Kc3 {[%emt 0:00:31]} 95. Qe3+ {[%emt 0:00:11]} Kc2 {[%emt 0:01:09]} 96. Qe4+ {[%emt 0:00:01]} 1/2-1/2

[Event "46th GRE-chT Premier 2018"]
[Site "Rio Achaia"]
[Date "2018.07.11"]
[Round "3"]
[White "Naoum, Spyridon"]
[Black "Pavlidis, Antonios"]
[Result "0-1"]
[WhiteElo "2335"]
[BlackElo "2564"]
[Annotator "TA"]
[PlyCount "88"]
[EventDate "2018.07.10"]
[EventType "team-tourn"]
[EventCountry "GRE"]
[SourceTitle "playchess.com"]
[Source "ChessBase"]
[SourceQuality "1"]

{[%evp 19,88,24,32,27,39,33,25,25,30,6,18,7,18,17,17,14,52,8,3,0,0,7,19,0,45,-4,6,-58,0,0,0,-40,13,0,0,0,54,54,121,0,49,11,102,-11,-11,-58,-9,-9,-9,-9,-8,-29,-29,-30,0,-23,-31,-54,-45,-41,-26,-42,-58,-50,-41,-51,-54,-214,-204,-2285,-2326]} 1. d4 Nf6 2. c4 g6 3. Nc3 Bg7 4. Nf3 d6 5. e4 O-O 6. Be2 Na6 7. O-O e5 8. Re1 Bg4 9. Be3 {E94: King's Indian: Classical: 6 Be2 e5 7 0-0: Various Black 7th moves} exd4 (9... Re8 10. d5 Nc5 11. h3 Bxf3 12. Bxf3 a5 13. Qc2 Nfd7 14. b3 f5 15. a3 a4 16. Nxa4 Nxa4 17. bxa4 fxe4 18. Bxe4 {1-0 (67) Fridman,D (2653)-Guseinov,G (2613) Istanbul 2012}) 10. Nxd4 Bxe2 {LiveBook: 3 Games} 11. Qxe2 {White is slightly better.} c6 12. Rad1 Re8 13. f3 Nd7 {[%cal Bf6d7,Bd7e5,Be5c4][%mdl 32]} 14. a3 $146 ({Predecessor:} 14. Rd2 Qe7 15. Red1 Nb6 16. b3 Nc5 17. Qf2 f5 18. Nde2 Rad8 19. Qg3 Be5 20. Bg5 {1-0 (20) Piantedosi,F (2038)-Johansen,A (1903) ICCF email 2008}) 14... Nac5 15. Qc2 a5 16. b4 axb4 17. axb4 Na6 {[%cal Bc5a6,Ba6c7,Bc7e6][%mdl 32]} 18. Na2 Ne5 19. c5 d5 20. Bf2 Nc7 21. Nc3 Nc4 22. Nb3 Qg5 23. g3 (23. exd5 $11 Rxe1+ 24. Rxe1) 23... Qf6 (23... Qh5 $15 24. Nd4 Bxd4 25. Bxd4 Ne6) 24. Nd4 $11 Ne6 25. f4 Qd8 (25... g5 $15 26. f5 (26. exd5 $2 Nxd4 27. Rxe8+ Rxe8 $19) 26... Nxd4 27. Bxd4 Qh6 28. Bxg7 Qxg7) 26. Nce2 Nf8 27. exd5 cxd5 (27... Qxd5 $11 28. Nc3 Rxe1+ 29. Rxe1 Qd7) 28. Nc3 $14 Qd7 ({Better is} 28... Rxe1+ $14 29. Rxe1 Ne6 30. Nxe6 fxe6) 29. b5 (29. Rxe8 $16 Rxe8 30. Ndb5) 29... Ne6 30. Nxe6 fxe6 31. b6 (31. Nxd5 $1 $16 {Hoping for Nf6+!} exd5 32. Qxc4 $1 {[%mdl 512]} dxc4 33. Rxd7) 31... Qc6 $11 32. Ne2 $1 {[#]} Nxb6 $1 {[%mdl 512]} 33. Nd4 (33. cxb6 Qxc2) 33... Bxd4 34. Bxd4 Nc4 35. Ra1 Rxa1 36. Rxa1 Nd6 37. Rb1 {And now Rb6 would win.} (37. Qb2 $5 {[%cal Rc5d6]} Nc4 38. Qe2 $15) 37... Nf5 38. Qc3 Rc8 39. Bf2 {[#]} d4 $1 {[%mdl 512]} 40. Bxd4 Qe4 41. Rb4 Rd8 $40 {[%cal Rf5d4][%mdl 128] White needs to defend precisely.} 42. c6 $1 {[%cal Rc6b7]} bxc6 ({Of course not} 42... Nxd4 $6 43. c7 $14) 43. Bf6 $2 {[#]} (43. Bc5 $15 Qe2 44. Rb1) 43... Qe2 $3 $19 {[%mdl 512] ( -> ...Rd1+)} 44. Bxd8 $2 (44. Rb1 Rd1+ 45. Rxd1 Qxd1+ 46. Kf2) 44... Ne3 {Precision: White = 28%, Black = 61%.} 0-1

[Event "46th GRE-chT Premier 2018"]
[Site "Rio Achaia"]
[Date "2018.07.11"]
[Round "3"]
[White "Hristodoulou, Panagiotis"]
[Black "Sigalas, Frangiskos"]
[Result "1/2-1/2"]
[WhiteElo "2329"]
[BlackElo "2213"]
[Annotator "NA"]
[PlyCount "60"]
[EventDate "2018.07.10"]
[EventType "team-tourn"]
[EventCountry "GRE"]
[SourceTitle "playchess.com"]
[Source "ChessBase"]
[SourceQuality "1"]
[TimeControl "40/5400+30:1800+30"]

1. e4 {[%emt 0:02:12]} e6 {[%emt 0:00:00]} 2. d4 {[%emt 0:00:10]} d5 {[%emt 0:00:00]} 3. Nc3 {[%emt 0:00:08]} Bb4 {[%emt 0:00:00]} 4. exd5 {[%emt 0:00:07]} exd5 {[%emt 0:00:06]} 5. Bd3 {[%emt 0:00:07]} Nc6 {[%emt 0:00:08]} 6. Nge2 {[%emt 0:00:05]} Nge7 {[%emt 0:00:59]} 7. O-O {[%emt 0:00:12]} Bf5 {[%emt 0:01:02]} 8. Ng3 {[%emt 0:13:05]} Bxd3 {[%emt 0:00:17]} 9. Qxd3 {[%emt 0:00:02]} O-O {[%emt 0:02:27]} 10. Nce2 {[%emt 0:00:20]} Qd7 {[%emt 0:02:48]} 11. c3 {[%emt 0:00:43]} Bd6 {[%emt 0:04:28]} 12. Bf4 {[%emt 0:00:16]} Bxf4 {[%emt 0:04:12]} 13. Nxf4 {[%emt 0:00:04]} Ng6 14. Qf3 {[%emt 0:06:11]} Nxf4 {[%emt 0:06:03]} 15. Qxf4 {[%emt 0:00:03]} Rae8 {[%emt 0:01:08]} 16. Rae1 {[%emt 0:00:16]} Ne7 17. Nh5 f6 {[%emt 0:12:57]} 18. Qg3 {[%emt 0:09:05]} Ng6 {[%emt 0:01:21]} 19. Nf4 {[%emt 0:04:02]} Nxf4 {[%emt 0:00:19]} 20. Qxf4 {[%emt 0:00:03]} c6 {[%emt 0:02:09]} 21. f3 {[%emt 0:01:01]} Rf7 {[%emt 0:01:40]} 22. Kf2 {[%emt 0:02:57]} Rfe7 {[%emt 0:00:13]} 23. g4 {[%emt 0:01:36]} Re6 {[%emt 0:05:44]} 24. h3 {[%emt 0:06:54]} Qe7 {[%emt 0:02:22]} 25. Rxe6 {[%emt 0:00:06]} Qxe6 {[%emt 0:00:08]} 26. Qd2 {[%emt 0:00:03]} Kf7 {[%emt 0:01:23]} 27. Re1 {[%emt 0:00:05]} Qxe1+ {[%emt 0:00:11]} 28. Qxe1 {[%emt 0:00:02]} Rxe1 {[%emt 0:00:11]} 29. Kxe1 {[%emt 0:00:03]} g5 {[%emt 0:00:55]} 30. Ke2 {[%emt 0:00:07]} Ke6 {[%emt 0:00:06]} 1/2-1/2

[Event "46th GRE-chT Premier 2018"]
[Site "Rio Achaia"]
[Date "2018.07.11"]
[Round "3"]
[White "Kofidis, Andreas"]
[Black "Skembris, Spyridon"]
[Result "1-0"]
[WhiteElo "2321"]
[BlackElo "2393"]
[Annotator "NA"]
[PlyCount "77"]
[EventDate "2018.07.10"]
[EventType "team-tourn"]
[EventCountry "GRE"]
[SourceTitle "playchess.com"]
[Source "ChessBase"]
[SourceQuality "1"]
[TimeControl "40/5400+30:1800+30"]

1. e4 {[%emt 0:00:00]} c5 {[%emt 0:00:01]} 2. Nf3 {[%emt 0:00:00]} g6 {[%emt 0:00:14]} 3. d4 {[%emt 0:04:03]} cxd4 {[%emt 0:00:13]} 4. Nxd4 {[%emt 0:00:02]} Bg7 {[%emt 0:00:10]} 5. Nc3 {[%emt 0:00:18]} Nc6 {[%emt 0:00:11]} 6. Nde2 {[%emt 0:00:16]} Nf6 {[%emt 0:00:26]} 7. g3 {[%emt 0:00:31]} b5 {[%emt 0:02:25]} 8. Bg2 {[%emt 0:00:45]} Rb8 {[%emt 0:05:48]} 9. O-O {[%emt 0:00:33]} O-O {[%emt 0:00:59]} 10. Nd5 {[%emt 0:03:48]} d6 {[%emt 0:03:00]} 11. h3 {[%emt 0:05:35]} e6 {[%emt 0:12:19]} 12. Nxf6+ {[%emt 0:00:27]} Bxf6 {[%emt 0:00:03]} 13. c3 {[%emt 0:02:52]} Qe7 {[%emt 0:02:35]} 14. Be3 {[%emt 0:02:08]} Bb7 {[%emt 0:10:22]} 15. Nd4 {[%emt 0:02:40]} a6 {[%emt 0:08:22]} 16. Nxc6 {[%emt 0:00:34]} Bxc6 {[%emt 0:00:02]} 17. e5 {[%emt 0:08:09]} Bxg2 {[%emt 0:00:18]} 18. exf6 {[%emt 0:00:15]} Qb7 {[%emt 0:00:08]} 19. Qg4 {[%emt 0:03:54]} Bxf1 {[%emt 0:06:43]} 20. Rxf1 {[%emt 0:00:10]} Qd5 {[%emt 0:01:29]} 21. Rd1 {[%emt 0:00:33]} h5 {[%emt 0:10:00]} 22. Qf4 {[%emt 0:06:55]} g5 {[%emt 0:01:39]} 23. Rxd5 {[%emt 0:00:41]} gxf4 {[%emt 0:00:09]} 24. Rg5+ {[%emt 0:00:08]} Kh7 {[%emt 0:02:07]} 25. Rg7+ {[%emt 0:00:24]} Kh8 {[%emt 0:00:04]} 26. Bxf4 {[%emt 0:00:11]} e5 {[%emt 0:00:20]} 27. Bh6 {[%emt 0:00:37]} Rb7 {[%emt 0:13:10]} 28. Rg5 {[%emt 0:00:49]} Rg8 {[%emt 0:01:32]} 29. Rxh5 {[%emt 0:03:35]} Kh7 {[%emt 0:00:03]} 30. g4 {[%emt 0:01:15]} b4 {[%emt 0:09:38]} 31. cxb4 {[%emt 0:03:19]} Kg6 {[%emt 0:00:03]} 32. Rg5+ {[%emt 0:01:58]} Kh7 {[%emt 0:00:18]} 33. Bg7 {[%emt 0:00:12]} Rxb4 {[%emt 0:01:49]} 34. h4 {[%emt 0:04:26]} Rxg7 {[%emt 0:01:08]} 35. Rxg7+ {[%emt 0:00:39]} Kh6 {[%emt 0:00:24]} 36. g5+ {[%emt 0:02:22]} Kh5 {[%emt 0:00:04]} 37. Rxf7 {[%emt 0:00:07]} Kxh4 {[%emt 0:00:17]} 38. Rg7 {[%emt 0:00:41]} Rf4 {[%emt 0:09:27]} 39. f7 {[%emt 0:00:51]} 1-0

[Event "46th GRE-chT Premier 2018"]
[Site "Rio Achaia"]
[Date "2018.07.11"]
[Round "3"]
[White "Bednarek, Sylwester"]
[Black "Prince, Bajaj"]
[Result "1-0"]
[WhiteElo "2307"]
[BlackElo "2404"]
[Annotator "NA"]
[PlyCount "89"]
[EventDate "2018.07.10"]
[EventType "team-tourn"]
[EventCountry "GRE"]
[SourceTitle "playchess.com"]
[Source "ChessBase"]
[SourceQuality "1"]
[TimeControl "40/5400+30:1800+30"]

1. d4 {[%emt 0:00:00]} Nf6 {[%emt 0:00:00]} 2. Bg5 {[%emt 0:00:00]} e6 {[%emt 0:00:00]} 3. Nd2 {[%emt 0:00:00]} h6 {[%emt 0:01:13]} 4. Bh4 {[%emt 0:00:04]} d5 {[%emt 0:12:35]} 5. e3 {[%emt 0:00:09]} c5 {[%emt 0:00:33]} 6. c3 {[%emt 0:01:02]} Be7 {[%emt 0:02:18]} 7. Bd3 {[%emt 0:04:38]} b6 {[%emt 0:02:39]} 8. f4 {[%emt 0:00:25]} O-O {[%emt 0:03:31]} 9. Ngf3 {[%emt 0:02:08]} Bb7 {[%emt 0:04:19]} 10. Bxf6 {[%emt 0:03:01]} Bxf6 {[%emt 0:00:38]} 11. O-O {[%emt 0:00:54]} Ba6 {[%emt 0:15:27]} 12. Bxa6 {[%emt 0:00:11]} Nxa6 {[%emt 0:00:04]} 13. Ne5 {[%emt 0:00:35]} Nb8 {[%emt 0:02:59]} 14. Qh5 {[%emt 0:02:51]} Bxe5 {[%emt 0:06:28]} 15. fxe5 {[%emt 0:00:37]} Nc6 {[%emt 0:04:12]} 16. h4 {[%emt 0:29:07]} f5 {[%emt 0:07:29]} 17. exf6 {[%emt 0:09:50]} Rxf6 {[%emt 0:00:10]} 18. Rxf6 {[%emt 0:00:21]} Qxf6 {[%emt 0:00:05]} 19. Rf1 {[%emt 0:00:04]} Qe7 {[%emt 0:00:23]} 20. Qg6 {[%emt 0:12:41]} Rf8 {[%emt 0:06:50]} 21. Rxf8+ {[%emt 0:01:08]} Kxf8 {[%emt 0:00:04]} 22. Nf3 {[%emt 0:00:12]} Qe8 {[%emt 0:10:24]} 23. Qh7 {[%emt 0:05:21]} Qf7 {[%emt 0:02:44]} 24. b4 {[%emt 0:00:39]} c4 {[%emt 0:09:52]} 25. e4 {[%emt 0:15:06]} b5 {[%emt 0:04:24]} 26. a4 {[%emt 0:01:57]} bxa4 {[%emt 0:02:19]} 27. exd5 {[%emt 0:00:05]} exd5 {[%emt 0:00:02]} 28. Qc2 {[%emt 0:00:28]} Qe8 {[%emt 0:01:26]} 29. Qxa4 {[%emt 0:00:17]} Qe3+ {[%emt 0:00:18]} 30. Kf1 {[%emt 0:02:05]} Ne7 {[%emt 0:00:12]} 31. Qd7 {[%emt 0:01:00]} Kg8 {[%emt 0:01:02]} 32. Ne5 {[%emt 0:00:58]} Qf4+ {[%emt 0:00:37]} 33. Kg1 {[%emt 0:00:13]} Qe3+ {[%emt 0:00:39]} 34. Kh2 {[%emt 0:00:35]} Qf4+ {[%emt 0:00:13]} 35. Kh3 {[%emt 0:01:46]} Nf5 {[%emt 0:00:14]} 36. Qe8+ {[%emt 0:05:23]} Kh7 {[%emt 0:00:01]} 37. Qg6+ {[%emt 0:00:23]} Kg8 {[%emt 0:00:18]} 38. g3 {[%emt 0:00:47]} Qf1+ {[%emt 0:01:05]} 39. Kg4 {[%emt 0:00:08]} Ne3+ {[%emt 0:00:43]} 40. Kh5 {[%emt 0:00:00]} Qe2+ {[%emt 0:00:00]} 41. g4 {[%emt 0:00:42]} Ng2 {[%emt 0:11:52]} 42. Qe6+ {[%emt 0:13:21]} Kh7 {[%emt 0:00:19]} 43. Qf5+ {[%emt 0:00:13]} Kg8 {[%emt 0:00:29]} 44. Qc8+ {[%emt 0:01:14]} Kh7 {[%emt 0:00:05]} 45. Ng6 {[%emt 0:03:24]} 1-0